000 00521nam a2200181 a 4500
001 6458
003 CO-ViMGA
008 141112s2004 ck r 000 u spa d
040 _aCO-ViMGA
_bspa
_cCO-ViMGA
082 0 4 _a764.8 W674
100 1 _aWork, Thomas
_95252
245 1 0 _aCrear y realizar serigrafía y pochoir
260 _aBarcelona :
_bLeda,
_c1986
300 _a94 p : il
490 _aCómo se hace, serie didáctica y simplificada de tecnicas modernas de arte
650 1 4 _aSERIGRAFIA
_95253
942 _2ddc
_cBK
999 _c18428
_d18428